LEADER 01117nam0 22002771i 450 001 UON00018084 005 20231205102004.437 010 $a06-910730-0-7 100 $a20020107d1985 |0itac50 ba 101 $aeng 102 $aUS 105 $a|||| 1|||| 200 1 $aJerusalem$eThe Holy City in the Eyes of Chroniclers, Visitors, Pilgrims, and Prophets from the Days of Abraham to the Beginnings of Modern Times$fF.E. Peters 210 $aPrinceton$cPrinceton University press$d1985 215 $aXIV, 636 p.$cill.$d24 cm 606 $aGERUSALEMME$3UONC006740$2FI 620 $aUS$dPrinceton$3UONL000074 686 $aSEB IV$cSTUDI EBRAICI - STORIA$2A 700 1$aPETERS$bFrancis E.$3UONV001731$049793 712 $aPrinceton University Press$3UONV245813$4650 801 $aIT$bSOL$c20250530$gRICA 899 $aSIBA - SISTEMA BIBLIOTECARIO DI ATENEO$2UONSI 912 $aUON00018084 950 $aSIBA - SISTEMA BIBLIOTECARIO DI ATENEO$dSI SEB IV 011 $eSI SA 60011 5 011 996 $aJerusalem$91194783 997 $aUNIOR